000 01011nam a2200277Ia 4500
001 Para_10352
003 CHAP
008 220125sDici xx 000 0 und d
010 _a209028
040 _cCHAP
090 _aPA CD - TESIS 382
100 _aAlarcón Quiroz, Jesús Daniel
_9129016
245 _aEl zacate conchero (Chloris chloridae) y alternativas de manejo en cultivos agrícolas en México /
_c Jesús Daniel Alarcón Quiroz; Director José Alfredo Domínguez Valenzuela
260 _aChapingo, Méx. :
_b el autor
300 _a1 CDS ROM (57 p.)
502 _aTesis (Ing. Agr. Esp. en Parasitología Agrícola). UACh. Departamento Parasitología Agrícola
700 _aDomínguez Valenzuela, José Alfredo. Director
_9175113
710 _aUACh Departamento Parasitología Agrícola
901 _aPA CD - TESIS 382
902 _aM
905 _a513220Diciembre, 2014 abnm8100000000 06
910 _aDici
942 _cPARA
942 _cPARA
_d2
999 _c209028
_d209028